| 000 | 00725nab a2200253 a 4500 | ||
|---|---|---|---|
| 001 | 54620 | ||
| 003 | 125266 | ||
| 005 | 20201118103023.0 | ||
| 008 | ||||||n9999 ||| || || | ||
| 041 | _aspa | ||
| 100 | _aNaranjo Mesa, Diego | ||
| 245 | 0 | _aColombia en el reporte mundial de competitividad 1995 | |
| 260 |
_aBogotá : _bCamara de Comercio de Medellin para la Investigacion y la Cultura, _c1996. |
||
| 300 | _app.52-57 | ||
| 562 | _e0 | ||
| 650 | _aCIENCIA Y TECNICA | ||
| 650 | _aCOLOMBIA | ||
| 650 | _aCOMPETITIVIDAD | ||
| 650 | _aGLOBALIZACIÓN | ||
| 650 | _aINFORME | ||
| 650 | _aINFRAESTRUCTURA FISICA | ||
| 773 |
_035303 _aRevista Antioqueña de Economia y Desarrollo - No.49 |
||
| 942 | _cSART | ||
| 999 |
_c54620 _d54620 |
||